Agrarnoikonomičeskata koncepcija na N.D. Kondratiev. Sto godini ot roždenija na Nikolaj Dmitrijevič Kondratiev.

Podrobný výklad názorov Kondratjeva na agrárnu otázku v Rusku. Kondratjev sa zaoberal problémami foriem hospodárenia na socializovanej pôde. Združstevňovanie považoval za východiskový bod obnovy ruskej ekonomiky. Zdôrazňoval princíp dobrovoľnosti a zosúladenia subjektívnej činnosti s objektívnymi zá...

Descrizione completa

Salvato in:
Dettagli Bibliografici
Autore principale: Simonov, V.
Altri autori: Figurnova, N.
Natura: Capitolo di libro
Lingua:bulgaro
Soggetti:
Tags: Aggiungi Tag
Nessun Tag, puoi essere il primo ad aggiungerne!!

MARC

LEADER 00000naa a2200000 4500
001 r011343
005 20221125114347.2
041 0 |a bul 
044 |a BG 
245 1 0 |a Agrarnoikonomičeskata koncepcija na N.D. Kondratiev.  |b Sto godini ot roždenija na Nikolaj Dmitrijevič Kondratiev.  |c V. Simonov, N. Figurovska 
520 |a Podrobný výklad názorov Kondratjeva na agrárnu otázku v Rusku. Kondratjev sa zaoberal problémami foriem hospodárenia na socializovanej pôde. Združstevňovanie považoval za východiskový bod obnovy ruskej ekonomiky. Zdôrazňoval princíp dobrovoľnosti a zosúladenia subjektívnej činnosti s objektívnymi zákonitosťami pôsobiacimi v poľnohospodárstve. V poľnohospodárskej politike považoval za nevyhnutné využívať plánové nástroje v jednote s nástrojmi trhovými. Odmietal subjektivizmus v tejto politike. 
610 2 0 |a Kondrat'jev, N.D. 
610 2 0 |a teórie ekonomické 
610 2 0 |a Rusko 
610 2 0 |a poľnohospodárstvo 
610 2 0 |a družstevníctvo 
610 2 0 |a vlastníctvo družstevné 
610 2 0 |a pôda 
610 2 0 |a politika poľnohospodárska 
610 2 0 |a nástroje plánovania 
610 2 0 |a vzťahy trhové 
610 2 0 |a konferencie 
610 2 0 |a Rusko 
610 2 0 |a 1992 
100 1 |a Simonov, V. 
700 1 |a Figurnova, N.